000 00249nam a2200097Ia 4500
001 653757
005 20250826154504.0
008 250824s9999 xx 000 0 und d
245 0 _a35 KİLO TEMBEL TENEKE
_cANNA GAVALD
260 _bGÜNIŞIĞI YAYINLARI
999 _c653757
_d653757